[Event "San Francisco TNM Summer op"]
[Site "San Francisco"]
[Date "2011.07.12"]
[Round "8"]
[White "Cortese, Chris"]
[Black "Zang, Kevin"]
[Result "0-1"]
[WhiteElo "1530"]
[BlackElo "1786"]
[PlyCount "30"]
[EventDate "2011.05.24"]
[EventType "swiss"]
[EventRounds "8"]
[EventCountry "USA"]
[SourceTitle "EXT 2016"]
[Source "ChessBase"]
[SourceDate "2015.10.08"]
[SourceVersion "1"]
[SourceVersionDate "2015.10.08"]
[SourceQuality "1"]

1. d4 f5 2. c4 Nf6 3. Nc3 g6 4. Nf3 d6 5. b3 Bg7 6. Bb2 0-0 7. e3 c6 8. Bd3 Qc7 9. Rc1 e5 10. e4 exd4 11. Nxd4 fxe4 12. Nxe4 Nxe4 13. Bxe4 Qe7 14. Qe2 Re8 15. Rc2 Qxe4 0-1

[Event "San Francisco TNM Summer op"]
[Site "San Francisco"]
[Date "2011.06.28"]
[Round "6"]
[White "Miller, David A"]
[Black "Cortese, Chris"]
[Result "0-1"]
[WhiteElo "1800"]
[BlackElo "1530"]
[PlyCount "84"]
[EventDate "2011.05.24"]
[EventType "swiss"]
[EventRounds "8"]
[EventCountry "USA"]
[SourceTitle "EXT 2016"]
[Source "ChessBase"]
[SourceDate "2015.10.08"]
[SourceVersion "1"]
[SourceVersionDate "2015.10.08"]
[SourceQuality "1"]

1. e4 c5 2. Nf3 d6 3. d4 cxd4 4. Nxd4 Nf6 5. f3 a6 6. c4 e6 7. Nc3 Be7 8. Be2 Nbd7 9. Be3 Qc7 10. 0-0 0-0 11. Rc1 b6 12. Qd2 Bb7 13. Rfd1 Rac8 14. g3 Qb8 15. Bf1 Ne5 16. b3 d5 17. f4 Neg4 18. e5 Nxe3 19. Qxe3 Ng4 20. Qe2 Nh6 21. Qb2 Bc5 22. b4 Bxd4+ 23. Rxd4 Nf5 24. Rd2 dxc4 25. Bg2 b5 26. Rd7 Rc7 27. Rcd1 Bxg2 28. Qxg2 Ne3 29. Qf3 Nxd1 30. Rxd1 Rd8 31. Ne4 h6 32. Nd6 Rcd7 33. Qc6 Qa8 34. Qc5 Qa7 35. Qxa7 Rxa7 36. Rc1 Rad7 37. a4 Rxd6 38. exd6 Rxd6 39. h3 Rd3 40. Kf2 Rb3 41. axb5 axb5 42. h4 Rxb4 0-1

[Event "San Francisco TNM Summer op"]
[Site "San Francisco"]
[Date "2011.05.24"]
[Round "1"]
[White "Beilin, Allan"]
[Black "Cortese, Chris"]
[Result "1-0"]
[WhiteElo "2005"]
[BlackElo "1530"]
[PlyCount "74"]
[EventDate "2011.05.24"]
[EventType "swiss"]
[EventRounds "8"]
[EventCountry "USA"]
[SourceTitle "EXT 2016"]
[Source "ChessBase"]
[SourceDate "2015.10.08"]
[SourceVersion "1"]
[SourceVersionDate "2015.10.08"]
[SourceQuality "1"]

1. e4 c5 2. Nf3 d6 3. d4 cxd4 4. Nxd4 Nf6 5. Nc3 a6 6. Be2 e6 7. 0-0 Be7 8. Kh1 0-0 9. f4 b5 10. a3 Bb7 11. Bd3 Nbd7 12. Qe1 Qc7 13. Qg3 d5 14. e5 Ne4 15. Bxe4 dxe4 16. Re1 Qc4 17. Nb3 f5 18. exf6 Rxf6 19. Na5 Qc7 20. Nxb7 Qxb7 21. Nxe4 Rg6 22. Qf2 Rc8 23. b3 Qc6 24. Bb2 Nc5 25. Ng3 Bh4 26. Qe3 Bxg3 27. hxg3 Nd7 28. Rac1 Qd5 29. Kg1 Qf5 30. c4 bxc4 31. Rxc4 Rxc4 32. bxc4 Qc2 33. Qe2 Qf5 34. Qe4 Nc5 35. Qa8+ Qf8 36. Qxf8+ Kxf8 37. Re3 Ke7 1-0